MARC details
| 000 -LEADER |
| campo de control de longitud fija |
01607cam a2200469Ia 4500 |
| 001 - NÚMERO DE CONTROL |
| campo de control |
93477 |
| 005 - FECHA Y HORA DE LA ÚLTIMA TRANSACCIÓN |
| campo de control |
20230410132920.0 |
| 008 - DATOS DE LONGITUD FIJA--INFORMACIÓN GENERAL |
| campo de control de longitud fija |
910419s1984 mx a 000 0cspa d |
| 035 ## - NÚMERO DE CONTROL DEL SISTEMA |
| Número de control de sistema |
(OCoLC)ocm23537900 |
| 040 ## - FUENTE DE CATALOGACIÓN |
| Centro catalogador/agencia de origen |
SJP |
| Centro/agencia transcriptor |
SJP |
| Centro/agencia modificador |
CGP |
| -- |
OCL |
| 020 ## - NÚMERO INTERNACIONAL ESTÁNDAR DEL LIBRO |
| Número Internacional Estándar del Libro |
9684329172 |
| 020 ## - NÚMERO INTERNACIONAL ESTÁNDAR DEL LIBRO |
| Número Internacional Estándar del Libro |
9789684329171 |
| 035 ## - NÚMERO DE CONTROL DEL SISTEMA |
| Número de control de sistema |
(OCoLC)23537900 |
| 041 1# - CÓDIGO DE IDIOMA |
| Código de lengua del texto/banda sonora o título independiente |
spa |
| Código de lengua original |
grc |
| 043 ## - CÓDIGO DE ÁREA GEOGRÁFICA |
| Código de área geográfica |
e-gr--- |
| 049 ## - FONDOS LOCALES (OCLC) |
| Biblioteca depositaria |
GRAL |
| 050 14 - SIGNATURA TOPOGRÁFICA DE LA BIBLIOTECA DEL CONGRESO |
| Número de clasificación |
B 168 |
| Número de ítem |
D591v 1984 |
| 100 0# - ENTRADA PRINCIPAL--NOMBRE DE PERSONA |
| Nombre de persona |
Diogenes Laertius. |
| 245 10 - MENCIÓN DEL TÍTULO |
| Título |
Vidas de los filósofos más ilustres / |
| Mención de responsabilidad, etc. |
Laercio Diógenes. Vidas de los sofistas / Filostrato. |
| 250 ## - MENCION DE EDICION |
| Mención de edición |
1. ed. en la Colección "Sepan cuantos-- ". |
| 260 ## - PUBLICACIÓN, DISTRIBUCIÓN, ETC. |
| Lugar de publicación, distribución, etc. |
México : |
| Nombre del editor, distribuidor, etc. |
Porrúa, |
| Fecha de publicación, distribución, etc. |
1984. |
| 300 ## - DESCRIPCIÓN FÍSICA |
| Extensión |
375 p. : |
| Otras características físicas |
1 ill. ; |
| Dimensiones |
22 cm. |
| 490 0# - MENCIÓN DE SERIE |
| Mención de serie |
"Sepan cuantos-- " ; |
| Designación de volumen o secuencia |
núm. 427 |
| 500 ## - NOTA GENERAL |
| Nota general |
Translation of: Lives, teachings, and sayings of famous philosophers, and Lives of the sophists. |
| 500 ## - NOTA GENERAL |
| Nota general |
"Traducciones y prólogos de José Ortiz y Sanz y José M. Riaño." |
| 650 #0 - PUNTO DE ACCESO ADICIONAL DE MATERIA--TÉRMINO DE MATERIA |
| Término de materia o nombre geográfico como elemento de entrada |
Philosophers, Ancient. |
| 650 #0 - PUNTO DE ACCESO ADICIONAL DE MATERIA--TÉRMINO DE MATERIA |
| Término de materia o nombre geográfico como elemento de entrada |
Philosophy, Ancient. |
| 650 #0 - PUNTO DE ACCESO ADICIONAL DE MATERIA--TÉRMINO DE MATERIA |
| Término de materia o nombre geográfico como elemento de entrada |
Sophists (Greek philosophy) |
| Subdivisión de forma |
Biography. |
| 650 #4 - PUNTO DE ACCESO ADICIONAL DE MATERIA--TÉRMINO DE MATERIA |
| Término de materia o nombre geográfico como elemento de entrada |
Filósofos antiguos. |
| 650 #4 - PUNTO DE ACCESO ADICIONAL DE MATERIA--TÉRMINO DE MATERIA |
| Término de materia o nombre geográfico como elemento de entrada |
Filosofía antigua. |
| 650 #4 - PUNTO DE ACCESO ADICIONAL DE MATERIA--TÉRMINO DE MATERIA |
| Término de materia o nombre geográfico como elemento de entrada |
Sofistas (Filosofía) - Biografías |
| 650 #4 - PUNTO DE ACCESO ADICIONAL DE MATERIA--TÉRMINO DE MATERIA |
| Término de materia o nombre geográfico como elemento de entrada |
CES |
| 650 #4 - PUNTO DE ACCESO ADICIONAL DE MATERIA--TÉRMINO DE MATERIA |
| Término de materia o nombre geográfico como elemento de entrada |
Coleccion Enrriquillo Sanchez |
| 700 1# - ENTRADA AGREGADA--NOMBRE PERSONAL |
| Nombre de persona |
Ortiz y Sanz, José. |
| 700 1# - ENTRADA AGREGADA--NOMBRE PERSONAL |
| Nombre de persona |
Riaño, José M. |
| 700 02 - ENTRADA AGREGADA--NOMBRE PERSONAL |
| Nombre de persona |
Philostratus, |
| Títulos y otros términos asociados al nombre |
the Athenian, |
| Fechas asociadas al nombre |
2nd/3rd cent. |
| Título de la obra |
Lives of the sophists. |
| Lenguaje de la obra |
Spanish. |
| 740 01 - ENTRADA AGREGADA--TÍTULO RELACIONADO/ANALÍTICO NO CONTROLADO |
| Título relacionado o analítico no controlado |
Vidas de los filósofos más ilustres. |
| 740 01 - ENTRADA AGREGADA--TÍTULO RELACIONADO/ANALÍTICO NO CONTROLADO |
| Título relacionado o analítico no controlado |
Vidas de los sofistas. |
| 942 ## - ELEMENTOS DE ENTRADA SECUNDARIOS (KOHA) |
| Fuente del sistema de clasificación o colocación |
Clasificación de Library of Congress |
| Tipo de ítem Koha |
|
| 966 ## - |
| -- |
RCH |
| 994 ## - |
| -- |
C0 |
| -- |
DRFGD |